| 000 | 00991nac a22002897a 4500 | ||
|---|---|---|---|
| 001 | BR8301859 | ||
| 003 | BR-BrBNA | ||
| 005 | 20240105115650.0 | ||
| 008 | 230509b bl.|||m| |||| 00| 0 por d | ||
| 040 |
_aBR-BrBNA _bpor _cBiblioteca Nacional de Agricultura |
||
| 072 | _aT00; F70 | ||
| 090 | _aT00 BR8301859 | ||
| 100 | 1 | _aVilaca, A. | |
| 100 | 1 | _aVieira, A. | |
| 110 | 1 |
_aFundacao Estadual de Engenharia do Meio Ambiente, Rio de Janeiro, RJ (Brasil) _94883 |
|
| 245 | 1 | _aEspecies vegetais no controle da poluicao sonora (comportamento acustico de algumas especies cultivadas) | |
| 260 | 3 |
_aRio de Janeiro, RJ (Brasil): _c1983. |
|
| 300 | _a35 p. | ||
| 490 |
_aCadernos FEEMA. Serie Tecnica (Brazil) _vno. 20 _x |
||
| 500 | _a18 illus.; 13 graphs; 25 ref.; Summaries (En, Pt) | ||
| 650 | _aPOLUICAO AMBIENTAL | ||
| 650 | _aPOLUICAO SONORA | ||
| 650 | _aVEGETACAO | ||
| 650 | _aTAXONOMIA VEGETAL | ||
| 909 |
_a202312 _bLúcia Elande _c55 _dLúcia Elande |
||
| 942 |
_2AGRIS _n0 _cMS |
||
| 999 |
_c275816 _d275816 |
||